00804nam a22002177a 450000500170000001000230001702000260004003500140006603700130008008200080009310000150010124501000011626000320021627001130024830000210036170000160038270000230039894200220042199900190044395201240046220241220163450.0 aDEC24UP ENG-143130 c350.00a9789363193956 aEN-126662 bDBAD/PUB a000 aLal975538 aIndian Air Force Agniveer selection Test:bFor science subjects/cby Lal Jain [and] Ashok Yadav aAgrabUpkar Prakashanc2024 bAgraa1 State Bank Colony, Near Khandari, Agra-Mathura Bypass Road,e282005k2530966k2531101mcare@upkar.in a350p.c26cm(pbk) aJain975508 aAshok Yadav975509 2ddccENh000mLAL c207867d207867 001040708NFICaLbLd2024-12-20eDBADg350.00l0o000 LALpEN-126662r2024-12-20 00:00:00t1v350.00w2024-12-20yEN